000
00320nam a2200133Ia 4500
005
20251222152611.0
008
251222s9999||||xx |||||||||||||| ||spa||
020
_a
8420713619
082
_a
460/L32
100
_a
Lázaro Carreter, Fernando
245
0
_a
Curso de Lengua Española
264
_b
Anaya S.A.
942
_c
LIB
999
_c
26977
_d
26977